Choosing to change / (Record no. 5821)
[ view plain ]
| 000 -LEADER | |
|---|---|
| fixed length control field | 01174cam a2200385Ii 4500 |
| 001 - CONTROL NUMBER | |
| control field | 529165 |
| 003 - CONTROL NUMBER IDENTIFIER | |
| control field | OSt |
| 005 - DATE AND TIME OF LATEST TRANSACTION | |
| control field | 20190110105434.0 |
| 008 - FIXED-LENGTH DATA ELEMENTS--GENERAL INFORMATION | |
| fixed length control field | 010927s1998 cau 000 0 eng d |
| 020 ## - INTERNATIONAL STANDARD BOOK NUMBER | |
| International Standard Book Number | 0830721312 |
| 020 ## - INTERNATIONAL STANDARD BOOK NUMBER | |
| International Standard Book Number | 9780830721313 |
| 035 ## - SYSTEM CONTROL NUMBER | |
| System control number | (OCoLC)ocm57511982 |
| 035 ## - SYSTEM CONTROL NUMBER | |
| System control number | 529165 |
| 040 ## - CATALOGING SOURCE | |
| Original cataloging agency | VAGNT |
| Language of cataloging | eng |
| Description conventions | rda |
| Transcribing agency | VAGNT |
| Modifying agency | OCLCQ |
| -- | BAKER |
| -- | OCLCQ |
| -- | PTS |
| 049 ## - LOCAL HOLDINGS (OCLC) | |
| Holding library | PTSS |
| 082 ## - DEWEY DECIMAL CLASSIFICATION NUMBER | |
| Classification number | 248.4 |
| Item number | S814C |
| 090 ## - LOCALLY ASSIGNED LC-TYPE CALL NUMBER (OCLC); LOCAL CALL NUMBER (RLIN) | |
| Classification number (OCLC) (R) ; Classification number, CALL (RLIN) (NR) | BV4501.2.A34 |
| Local cutter number (OCLC) ; Book number/undivided call number, CALL (RLIN) | S7 1998 |
| 092 0# - LOCALLY ASSIGNED DEWEY CALL NUMBER (OCLC) | |
| Classification number | 248.4 |
| Item number | Ste |
| Edition number | 22 |
| 100 1# - MAIN ENTRY--PERSONAL NAME | |
| Personal name | Steele, Sharon A. |
| 245 10 - TITLE STATEMENT | |
| Title | Choosing to change / |
| Statement of responsibility, etc. | Sharon A. Steele ; [forword by Jane Hansen]. |
| 264 #1 - PRODUCTION, PUBLICATION, DISTRIBUTION, MANUFACTURE, AND COPYRIGHT NOTICE | |
| Place of production, publication, distribution, manufacture | [Ventura, Calif.] : |
| Name of producer, publisher, distributor, manufacturer | Gospel Light, |
| Date of production, publication, distribution, manufacture, or copyright notice | [1998] |
| 264 #4 - PRODUCTION, PUBLICATION, DISTRIBUTION, MANUFACTURE, AND COPYRIGHT NOTICE | |
| Date of production, publication, distribution, manufacture, or copyright notice | �1998 |
| 300 ## - PHYSICAL DESCRIPTION | |
| Extent | 89 pages ; |
| Dimensions | 23 cm. |
| 336 ## - CONTENT TYPE | |
| Content type term | text |
| Content type code | txt |
| Source | rdacontent |
| 337 ## - MEDIA TYPE | |
| Media type term | unmediated |
| Media type code | n |
| Source | rdamedia |
| 338 ## - CARRIER TYPE | |
| Carrier type term | volume |
| Carrier type code | nc |
| Source | rdacarrier |
| 490 1# - SERIES STATEMENT | |
| Series statement | Aglow bible study series |
| 650 #0 - SUBJECT ADDED ENTRY--TOPICAL TERM | |
| Topical term or geographic name entry element | Self-actualization (Psychology) |
| General subdivision | Religious aspects |
| -- | Christianity. |
| 650 #0 - SUBJECT ADDED ENTRY--TOPICAL TERM | |
| Topical term or geographic name entry element | Change (Psychology) |
| General subdivision | Religious aspects |
| -- | Christianity. |
| 650 #0 - SUBJECT ADDED ENTRY--TOPICAL TERM | |
| Topical term or geographic name entry element | Christian life. |
| 700 1# - ADDED ENTRY--PERSONAL NAME | |
| Personal name | Hansen, Jane. |
| 830 #0 - SERIES ADDED ENTRY--UNIFORM TITLE | |
| Uniform title | Aglow bible study series. |
| 942 ## - ADDED ENTRY ELEMENTS (KOHA) | |
| Source of classification or shelving scheme | Dewey Decimal Classification |
| Koha item type | Books |
| 945 ## - LOCAL PROCESSING INFORMATION (OCLC) | |
| a | MARCIVE20181205 |
| Withdrawn status | Lost status | Source of classification or shelving scheme | Damaged status | Not for loan | Collection code | Home library | Current library | Shelving location | Date acquired | Cost, normal purchase price | Total Checkouts | Full call number | Barcode | Date last seen | Price effective from | Koha item type |
|---|---|---|---|---|---|---|---|---|---|---|---|---|---|---|---|---|
| Dewey Decimal Classification | Non-fiction | Harvest Mission College | Harvest Mission College | General Stacks | 10.01.2019 | 850.00 | 248.4 S814C | 006484 | 10.01.2019 | 10.01.2019 | Books |
